स्खलन / (Record no. 46212)

MARC details
000 -LEADER
fixed length control field 01129nam a22002657a 4500
005 - DATE AND TIME OF LATEST TRANSACTION
control field 20100915122746.0
008 - FIXED-LENGTH DATA ELEMENTS--GENERAL INFORMATION
fixed length control field 100915t xxu||||| |||| 00| 0 hin d
010 ## - LCCN (DPL NO)
LC control number HIN-90497
020 ## - INTERNATIONAL STANDARD BOOK NUMBER
International Standard Book Number 9788188540877
Terms of availability 450.00
035 ## - SYSTEM CONTROL NUMBER
System control number HN-62843
037 ## - SOURCE OF ACQUISITION
Source of stock number/acquisition DBAD / PUB
040 ## - CATALOGING SOURCE
Original cataloging agency DPL
Language of cataloging HN
082 ## - DEWEY DECIMAL CLASSIFICATION NUMBER
Classification number
100 ## - MAIN ENTRY--PERSONAL NAME
Personal name ठाकरान, एस.
9 (RLIN) 20178
245 ## - TITLE STATEMENT
Title स्खलन /
Statement of responsibility, etc एस. ठाकरान
246 ## - VARYING FORM OF TITLE
Title proper/short title Skhlan
Remainder of title by S. Thakraan
260 ## - PUBLICATION, DISTRIBUTION, ETC. (IMPRINT)
Place of publication, distribution, etc दिल्ली
Name of publisher, distributor, etc आर.के.पब्लिशर्स एंड डिस्ट्रीब्यूटर्स
Date of publication, distribution, etc 2010
270 ## - ADDRESS
Address एल-45, गली नं 5, शिवाजी मार्ग, करतार नगर
City दिल्ली
Postal code 110053
300 ## - PHYSICAL DESCRIPTION
Extent 296पृ.
Dimensions 22सेमी (सजिल्द)
650 ## - SUBJECT ADDED ENTRY--TOPICAL TERM
9 (RLIN) 1159
Topical term or geographic name as entry element हिन्दी कथा साहित्य
700 ## - ADDED ENTRY--PERSONAL NAME
9 (RLIN) 20179
700 ## - ADDED ENTRY--PERSONAL NAME
9 (RLIN) 20333
942 ## - ADDED ENTRY ELEMENTS (KOHA)
Source of classification or shelving scheme Dewey Decimal Classification
Item type Hindi Books
Classification part
Call number suffix ठाकरा
Holdings
Withdrawn status Lost status Source of classification or shelving scheme Damaged status Not for loan Collection code Home library Current library Date acquired Source of acquisition Cost, normal purchase price Total Checkouts Full call number Barcode Date last seen Copy number Cost, replacement price Koha item type
    Dewey Decimal Classification   Not For Loan Fiction D.B.Act.Division D.B.Act.Division 16/09/2010 DBAD / PUB 450.00   उ ठाकरा HN-62843 16/09/2010 1 450.00 Hindi Books

© Delhi Public Library
Hit Counter
free hit counter